| 000 | 00689cam a22002531 4500 | ||
|---|---|---|---|
| 999 |
_c329888 _d329888 |
||
| 001 | 9894902 | ||
| 003 | NUST | ||
| 005 | 20170614133528.0 | ||
| 008 | 940603s1967 pk 000 1 urdo | ||
| 010 | _asa 68003303 | ||
| 020 | _a9693505077 | ||
| 025 | _aPL480:P-U-1761 | ||
| 035 | _a(OCoLC)30542928 | ||
| 040 |
_aDLC _cCU _dCU _dDLC |
||
| 042 | _apremarc | ||
| 050 | 0 | 0 |
_aPK2200.B329 _bS5 |
| 082 |
_a891.4393 _bQUD |
||
| 100 | 0 |
_aBāno Qudsiyah, _d1928-2017. _91163 |
|
| 245 | 1 | 0 |
_aShahr-i be mis̲āl. _cby Bano Qudsiya |
| 260 |
_cLahore: _aSang-e- Meel Publications, _b1967 |
||
| 300 |
_a342 p. _c19 cm. |
||
| 500 | _aIn Urdu. | ||
| 500 | _aA novel. | ||
| 650 |
_aUrdu Literature _vNovel _9876 |
||
| 880 |
_aشہر بے مثال _6245-02\(3\r _cبانو قدسیہ |
||
| 880 |
_aبانو قدسیہ _6100-02\(3\r |
||
| 880 |
_aلاہور: _6260-03\(3\r _bسنگ میل پبلیکیشنز، _c2007 |
||
| 906 |
_a7 _bcbc _coclcrpl _du _encip _f19 _gy-gencatlg |
||
| 942 |
_2ddc _cBK |
||